000 00402nam a2200157Ia 4500
008 230721s2015 xx 000 0 und d
020 _a9781451188752
041 _aeng
082 _a617.077,MIL
100 _aMILLS,STACEY.
245 _aDIAGNOSTIC SURGICAL PATHOLOGY VOL.I & VOL.II
250 _a6TH
260 _bMUMBAIWOLTERS KLUWER
_c2015
300 _a1374-2703
650 _aOral Pathology
999 _c706987
_d706987